| 000 | 00856 a2200265 4500 | ||
|---|---|---|---|
| 003 | Nust | ||
| 005 | 20170207154050.0 | ||
| 010 | _a 2008012104 | ||
| 020 | _a0849392500 (alk. paper) | ||
| 020 | _a9780849392504 (alk. paper) | ||
| 035 | _a(OCoLC)213495329 | ||
| 035 | _a(OCoLC)ocn213495329 | ||
| 040 | _cNust | ||
| 082 | 0 | 0 | _a004.6 |
| 100 | 1 | _aCopeland, Rebecca. | |
| 245 | 1 | 0 |
_aConverging NGN wireline and mobile 3G networks with IMS -(E-BOOK) _cRebecca Copeland. |
| 260 |
_aBoca Raton : _bCRC Press, _cc2009. |
||
| 300 |
_axxxiii, 484 p. : _bill. ; _c27 cm. |
||
| 500 | _a"An Auerbach book." | ||
| 650 | 0 | _aConvergence (Telecommunication) | |
| 650 | 0 | _aInternet Protocol multimedia subsystem. | |
| 650 | 0 | _aMultimedia communications. | |
| 651 | _aE-BOOK | ||
| 856 | 4 | 1 |
_3Table of contents only _uhttp://www.loc.gov/catdir/toc/ecip0813/2008012104.html |
| 942 |
_2ddc _cBK |
||
| 999 |
_c193083 _d193083 |
||